000 00379nam a2200145Ia 4500
008 090122s9999 xx 000 0 und d
082 _b7944
_a920.71
100 _aमोने
_bउत्तरा
245 _aकृतार्थ
600 _aमोने
630 _aकृतार्थ
700 _aमोने
730 _aकृतार्थ
942 _cBOOK
999 _c32021
_d32021